Normal view
MARC view
- Mahendrakar N.S
Entry Personal Name
001 - CONTROL NUMBER
- control field: 1068
003 - CONTROL NUMBER IDENTIFIER
- control field: OSt
005 - DATE AND TIME OF LATEST TRANSACTION
- control field: 20160720152210.0
008 - FIXED-LENGTH DATA ELEMENTS
- fixed length control field: 160720|| aca||aabn | a|a d
040 ## - CATALOGING SOURCE
- Original cataloging agency: OSt
- Transcribing agency: OSt
100 ## - HEADING--PERSONAL NAME
- Personal name: Mahendrakar N.S
670 ## - SOURCE DATA FOUND
- Source citation: Work cat.: (OSt): Mahendrakar N.S, Technology of Muscle Foods, 2011
